000 00507nam a2200181Ia 4500
005 20250508150317.0
008 008 250505s9999 xx 000 0 eng d
037 _aTextual
040 _aFEDL
_beng
_cFEDL
041 _aeng
_2eng
084 _a428.3, WES
_qFEDL
100 _aWeseen Maurice H
_9756367
245 0 _aWords confused and misused
260 _aLondon, UK
_bSir Isaac Pitman and Sons Ltd
_c1948
300 _avi,310p
942 _cTEXL
_h428.3, WES
999 _c1322923
_d1322923